Loading...
| Science - Physics | 0 | 2 | 0 | 0 | 20 | 98 | 106.50 | 0 | 2 | 0.00 | 0.00 |
| Literature - British | 1 | 0 | 0 | 0 | 15 | 68 | 68.00 | 0 | 1 | 0.00 | 0.00 |
| History - World | 0 | 1 | 0 | 0 | 10 | 124 | 124.00 | 0 | 1 | 0.00 | 0.00 |
| Chemistry> | 0 | 1 | 0 | 0 | 10 | 101 | 101.00 | 0 | 1 | 0.00 | 0.00 |
| Other Science: Math | 0 | 1 | 0 | 0 | 10 | 109 | 109.00 | 0 | 1 | 0.00 | 0.00 |
| Science - Biology | 0 | 1 | 0 | 1 | 10 | 135 | 135.00 | 0 | 1 | 0.00 | 0.00 |
| Science - Chemistry | 0 | 1 | 0 | 0 | 10 | 79 | 79.00 | 1 | 1 | 0.00 | 0.00 |
| Other Science: Computer Science | 0 | 1 | 0 | 0 | 10 | 82 | 82.00 | 1 | 1 | 0.00 | 0.00 |
| History - American | 0 | 1 | 0 | 1 | 10 | 116 | 116.00 | 1 | 1 | 0.00 | 0.00 |